[Event "Charlottetown Invitational"]
[Site "Charlottetown CAN"]
[Date "2000.08.06"]
[Round "9"]
[White "Urquhart, Eddie"]
[Black "Eldridge, Mike"]
[Result "1-0"]
[WhiteElo "2221"]
[BlackElo "2058"]
[PlyCount "77"]
[GameId "2160767911652978"]
[EventDate "2000.08.01"]
[EventType "tourn"]
[EventRounds "11"]
[EventCountry "CAN"]

1. e4 g6 2. d4 Bg7 3. Nc3 c5 4. dxc5 Qa5 5. Bd3 Bxc3+ 6. bxc3 Qxc3+ 7. Bd2 Qxc5 8. Nf3 Nf6 9. O-O O-O 10. Rb1 Qc7 11. e5 Nd5 12. c4 Nb6 13. Qb3 Na6 14. Bh6 Nc5 15. Qc3 Nba4 16. Qd4 Ne6 17. Qh4 Re8 18. Be4 Nac5 19. Bd5 Rb8 20. Rfe1 b6 21. Re3 Bb7 22. Ng5 Nxg5 23. Bxg5 Bxd5 24. cxd5 d6 25. Qh6 f5 26. e6 Ne4 27. Rh3 Nf6 28. Rc1 Qb7 29. Bxf6 exf6 30. Rc6 Rbd8 31. Rhc3 Rc8 32. Qc1 Rxc6 33. Rxc6 Rd8 34. h3 b5 35. Rc7 Qb6 36. Rf7 Qd4 37. Qh6 Qa1+ 38. Kh2 Qe5+ 39. g3 1-0

[Event "Charlottetown Invitational"]
[Site "Charlottetown CAN"]
[Date "2000.08.06"]
[Round "10"]
[White "Eldridge, Mike"]
[Black "Cooper, Aaron"]
[Result "1-0"]
[WhiteElo "2058"]
[BlackElo "1985"]
[PlyCount "71"]
[GameId "2160767911652979"]
[EventDate "2000.08.01"]
[EventType "tourn"]
[EventRounds "11"]
[EventCountry "CAN"]

1. Nf3 Nf6 2. g3 e6 3. Bg2 Be7 4. b3 O-O 5. Bb2 c5 6. c4 Nc6 7. O-O d5 8. cxd5 exd5 9. d4 Be6 10. Nc3 cxd4 11. Nxd4 Qd7 12. Nxe6 fxe6 13. Qd2 Rad8 14. Rad1 a6 15. a3 Ne8 16. e4 d4 17. Ne2 e5 18. Nc1 Nd6 19. Nd3 Qg4 20. f3 Qg6 21. Rde1 Qf7 22. Bh3 Nb5 23. b4 Qb3 24. Nc1 Qc4 25. Qd3 Qxd3 26. Be6+ Kh8 27. Nxd3 a5 28. Bd5 axb4 29. Bxc6 bxc6 30. axb4 Nc3 31. Nxe5 Bxb4 32. Nxc6 Bc5 33. Nxd8 Rxd8 34. Kg2 Rb8 35. Bxc3 dxc3 36. Re2 1-0

[Event "Charlottetown Invitational"]
[Site "Charlottetown CAN"]
[Date "2000.08.06"]
[Round "10"]
[White "Hua, Lefong"]
[Black "Reddy, Tyler"]
[Result "1/2-1/2"]
[WhiteElo "2221"]
[BlackElo "2012"]
[PlyCount "78"]
[GameId "2160767911652980"]
[EventDate "2000.08.01"]
[EventType "tourn"]
[EventRounds "11"]
[EventCountry "CAN"]
[SourceTitle "EXT 2002"]
[Source "ChessBase"]
[SourceDate "2001.11.25"]
[SourceVersion "1"]
[SourceVersionDate "2001.11.25"]
[SourceQuality "1"]

1. c4 c5 2. Nc3 Nc6 3. Nf3 g6 4. g3 Bg7 5. Bg2 Nf6 6. O-O O-O 7. d4 cxd4 8. Nxd4 Qb6 9. Nc2 d6 10. Ne3 Be6 11. Rb1 Rab8 12. b3 Qd4 13. Qxd4 Nxd4 14. Rd1 Nc6 15. Ba3 Ne5 16. c5 b5 17. Bb4 dxc5 18. Bxc5 Rbc8 19. Bd4 b4 20. Na4 Nc6 21. Bxc6 Rxc6 22. Bxa7 Rfc8 23. Bd4 Ng4 24. Nxg4 Bxg4 25. Bxg7 Bxe2 26. Re1 Bd3 27. Bd4 Bxb1 28. Rxb1 Rc2 29. Rb2 Rc1+ 30. Kg2 f6 31. Nb6 R8c2 32. Nc4 e5 33. Rxc2 Rxc2 34. Bc5 Rxa2 35. Bxb4 Kf7 36. Kf3 Ke6 37. Ke3 f5 38. Nd2 g5 39. Bc3 Kd5 1/2-1/2

[Event "Charlottetown Invitational"]
[Site "Charlottetown CAN"]
[Date "2000.08.06"]
[Round "10"]
[White "Langen, Roger"]
[Black "Gulati, Justin"]
[Result "1-0"]
[WhiteElo "2214"]
[BlackElo "2127"]
[PlyCount "79"]
[GameId "2160767911652981"]
[EventDate "2000.08.01"]
[EventType "tourn"]
[EventRounds "11"]
[EventCountry "CAN"]

1. e4 e5 2. Nf3 Nc6 3. Nc3 Nf6 4. Bb5 d6 5. d4 exd4 6. Nxd4 Bd7 7. Nxc6 bxc6 8. Bc4 Be7 9. h3 O-O 10. O-O Qb8 11. Re1 Qb6 12. Bb3 Rfe8 13. Bf4 Rad8 14. Qe2 h6 15. Be3 c5 16. Rab1 Bf8 17. Qf3 Qa6 18. Nd5 Nxd5 19. Bxd5 Be6 20. Qe2 Qa4 21. c4 Bc8 22. Qf3 Qd7 23. e5 Rxe5 24. Red1 Qf5 25. Bf4 Ree8 26. g4 Qf6 27. Qg3 Be6 28. Bc6 Bd7 29. Bd5 Rb8 30. b3 Re2 31. Bd2 Qg6 32. Ra1 h5 33. Bf3 Re7 34. Kg2 hxg4 35. hxg4 Qc2 36. Ba5 Bc8 37. Rh1 g6 38. Qh4 f5 39. Bd5+ Be6 40. Bxe6+ 1-0

[Event "Charlottetown Invitational"]
[Site "Charlottetown CAN"]
[Date "2000.08.06"]
[Round "10"]
[White "MacDonald, Jonathan"]
[Black "Urquhart, Eddie"]
[Result "0-1"]
[WhiteElo "2136"]
[BlackElo "2221"]
[PlyCount "126"]
[GameId "2160767911652982"]
[EventDate "2000.08.01"]
[EventType "tourn"]
[EventRounds "11"]
[EventCountry "CAN"]

1. e4 e6 2. Qe2 e5 3. g3 Nc6 4. c3 Nf6 5. Bg2 Be7 6. d3 d5 7. Nd2 dxe4 8. dxe4 Bg4 9. f3 Be6 10. Nh3 Nd7 11. Nf2 Nb6 12. O-O a5 13. Rd1 O-O 14. Nf1 Qc8 15. Ne3 Rd8 16. f4 Rxd1+ 17. Qxd1 f6 18. Nd5 Bc5 19. Be3 Bxe3 20. Nxe3 Nc4 21. Nd5 Kh8 22. Qe2 Nd6 23. Rd1 b5 24. Qd3 Nc4 25. Qe2 a4 26. b3 axb3 27. axb3 Nd6 28. Nb6 cxb6 29. Rxd6 Ra1+ 30. Rd1 Rxd1+ 31. Qxd1 b4 32. cxb4 Nd4 33. Bf1 Bxb3 34. Qh5 Qf8 35. b5 g6 36. Qh3 Be6 37. Qg2 Qd6 38. Nd3 Bc4 39. Nxe5 fxe5 40. Bxc4 Qc5 41. Bf1 Nxb5+ 42. Qf2 Nd4 43. fxe5 Nf3+ 44. Kg2 Qxf2+ 45. Kxf2 Nxe5 46. Ke3 Kg7 47. Kd4 Kf6 48. Kd5 h6 49. Be2 Nf7 50. h4 Ne5 51. Kd6 h5 52. Kc7 Nf7 53. Kxb6 Nd6 54. g4 hxg4 55. Bxg4 Nxe4 56. Kc6 Ke5 57. Bd1 Ng3 58. Bc2 Nf5 59. Kc5 Kf4 60. Kc6 Nd4+ 61. Kd6 Nxc2 62. Ke6 Kg4 63. Kf6 Kh5 0-1

[Event "Charlottetown Invitational"]
[Site "Charlottetown CAN"]
[Date "2000.08.07"]
[Round "11"]
[White "Bogle, Bill"]
[Black "Eldridge, Mike"]
[Result "1-0"]
[WhiteElo "2239"]
[BlackElo "2058"]
[PlyCount "103"]
[GameId "2160767911652985"]
[EventDate "2000.08.01"]
[EventType "tourn"]
[EventRounds "11"]
[EventCountry "CAN"]

1. e4 g6 2. d4 Bg7 3. Nc3 c5 4. dxc5 Qa5 5. Bd2 Qxc5 6. Bd3 Nf6 7. f4 d5 8. e5 Ng4 9. Qf3 Nc6 10. Nge2 Nb4 11. h3 Nxd3+ 12. cxd3 Nh6 13. Qxd5 Qb6 14. Qb5+ Bd7 15. Qxb6 axb6 16. g4 Bc6 17. O-O Rd8 18. d4 Ng8 19. b4 b5 20. a4 bxa4 21. b5 Bd7 22. f5 gxf5 23. gxf5 Bh6 24. Bxh6 Nxh6 25. Rxa4 Bxf5 26. Kh2 Rg8 27. d5 Bd3 28. Rh4 Nf5 29. Rhf4 e6 30. d6 Ra8 31. R1f2 Ra3 32. Ne4 Bxe4 33. Rxe4 Ne3 34. Nf4 Rb3 35. Nh5 Nd5 36. Ra2 Kd7 37. Rc4 Rc8 38. Rxc8 Kxc8 39. Ra8+ Kd7 40. Rf8 Rf3 41. Nf6+ Nxf6 42. Rxf7+ Ke8 43. Rxf6 Rb3 44. Rxe6+ Kd8 45. Rf6 Rd3 46. Rf8+ Kd7 47. Rf7+ Ke6 48. Re7+ Kf5 49. d7 Kf4 50. e6 Kf3 51. Rf7+ Ke4 52. e7 1-0

[Event "Charlottetown Invitational"]
[Site "Charlottetown CAN"]
[Date "2000.08.07"]
[Round "11"]
[White "Cooper, Aaron"]
[Black "MacDonald, Jonathan"]
[Result "0-1"]
[WhiteElo "1985"]
[BlackElo "2136"]
[PlyCount "58"]
[GameId "2160767911652986"]
[EventDate "2000.08.01"]
[EventType "tourn"]
[EventRounds "11"]
[EventCountry "CAN"]

1. e4 e5 2. Nf3 Nc6 3. Bc4 Nf6 4. d3 Be7 5. O-O O-O 6. Bg5 d6 7. h3 Nd7 8. Bxe7 Nxe7 9. Nc3 Ng6 10. d4 c6 11. dxe5 dxe5 12. Ne2 Qf6 13. Ng3 Nf4 14. Nh2 Nb6 15. Bb3 Rd8 16. Qf3 c5 17. a4 a5 18. Rfd1 c4 19. Ba2 Be6 20. b3 Qh4 21. Nf5 Bxf5 22. exf5 e4 23. Qg4 Qxg4 24. Nxg4 Ne2+ 25. Kf1 Nc3 26. Rxd8+ Rxd8 27. bxc4 Nbxa4 28. c5 Nxa2 29. Rxa2 Rd1+ 0-1

[Event "Charlottetown Invitational"]
[Site "Charlottetown CAN"]
[Date "2000.08.07"]
[Round "11"]
[White "Gulati, Justin"]
[Black "Hua, Lefong"]
[Result "0-1"]
[WhiteElo "2127"]
[BlackElo "2368"]
[PlyCount "42"]
[GameId "2160767911652987"]
[EventDate "2000.08.01"]
[EventType "tourn"]
[EventRounds "11"]
[EventCountry "CAN"]

1. e4 c5 2. Nf3 e6 3. d4 cxd4 4. Nxd4 a6 5. Nc3 Qc7 6. Be2 Nf6 7. Be3 Bb4 8. Qd3 Nxe4 9. O-O Nxc3 10. bxc3 Qxc3 11. Qe4 Be7 12. Qg4 Bf6 13. Rab1 h5 14. Qf4 e5 15. Qe4 d5 16. Qxd5 exd4 17. Bc4 O-O 18. Rb3 Be6 19. Qxb7 Qxc4 20. Qxa8 Nc6 21. Qb7 Na5 0-1

[Event "Charlottetown Invitational"]
[Site "Charlottetown CAN"]
[Date "2000.08.07"]
[Round "11"]
[White "Urquhart, Eddie"]
[Black "Langen, Roger"]
[Result "1/2-1/2"]
[WhiteElo "2221"]
[BlackElo "2214"]
[PlyCount "35"]
[GameId "2160767911652990"]
[EventDate "2000.08.01"]
[EventType "tourn"]
[EventRounds "11"]
[EventCountry "CAN"]

1. e4 e5 2. Nf3 Nc6 3. d4 exd4 4. Bc4 Nf6 5. e5 d5 6. Bb5 Ne4 7. Nxd4 Bd7 8. Bxc6 bxc6 9. O-O Be7 10. f3 Ng5 11. f4 Ne4 12. Be3 O-O 13. c3 f6 14. e6 c5 15. exd7 cxd4 16. Bxd4 Qxd7 17. Nd2 f5 18. Nf3 1/2-1/2

[Event "Chemical Valley op"]
[Site "Sarnia CAN"]
[Date "2000.06.03"]
[Round "3"]
[White "Jackson, David"]
[Black "Phillips, Patrick"]
[Result "1-0"]
[WhiteElo "2236"]
[BlackElo "1906"]
[PlyCount "47"]
[GameId "2160767911711716"]
[EventDate "2000.06.03"]
[EventType "swiss"]
[EventRounds "5"]
[EventCountry "CAN"]
[SourceTitle "CFC 2000.08"]
[Source "CFC"]
[SourceDate "2000.08.??"]
[SourceVersionDate "2000.08.??"]
[SourceQuality "1"]

1. e4 Nc6 2. d4 d5 3. Nc3 dxe4 4. d5 Nb8 5. Nxe4 e6 6. c4 exd5 7. cxd5 Bf5 8. Nc3 Bd6 9. Bd3 Ne7 10. Nge2 O-O 11. Bg5 Qd7 12. Bxe7 Bxe7 13. Bxf5 Qxf5 14. O-O Rd8 15. Qb3 Bd6 16. f4 Bc5+ 17. Kh1 Bb6 18. Ng3 Qd7 19. f5 Na6 20. f6 Bd4 21. fxg7 Bxc3 22. Qxc3 Qxd5 23. Nf5 Qe6 24. Rad1 1-0

[Event "Christmas op"]
[Site "Toronto CAN"]
[Date "2000.12.26"]
[Round "1"]
[White "Timbaliuc, Slava"]
[Black "Karpik, Steve"]
[Result "0-1"]
[WhiteElo "1191"]
[BlackElo "1494"]
[PlyCount "92"]
[GameId "2160767911627359"]
[EventDate "2000.12.26"]
[EventType "swiss"]
[EventRounds "6"]
[EventCountry "CAN"]
[SourceTitle "EXT 2022"]
[Source "ChessBase"]
[SourceDate "2021.10.06"]
[SourceVersion "1"]
[SourceVersionDate "2021.10.06"]
[SourceQuality "1"]

1. e4 e5 2. Nf3 Nc6 3. Bb5 d6 4. d4 Bd7 5. Bxc6 Bxc6 6. d5 Bd7 7. O-O Bg4 8. h3 Bh5 9. Qd3 a6 10. Nc3 Qd7 11. b4 Nf6 12. Ne2 Be7 13. Ng3 Bg6 14. Be3 Nh5 15. Nxh5 Bxh5 16. Bd2 b5 17. Rab1 O-O 18. Rb3 Bg6 19. c4 f5 20. exf5 Bxf5 21. Qc3 Bf6 22. Be3 e4 23. Nd4 Be5 24. c5 Bxh3 25. Bd2 Bg4 26. c6 Qf7 27. Qe3 Qh5 28. g3 Bxd4 29. Qxd4 Bf3 30. Rxf3 exf3 31. Qh4 Qxh4 32. gxh4 Rae8 33. Be3 Re4 34. Kh2 Rxh4+ 35. Kg3 Rxb4 36. Rg1 Rf5 37. Rd1 h5 38. Rd4 Rxd4 39. Bxd4 g5 40. Be3 Kf7 41. a3 Kg6 42. Bc1 g4 43. Bf4 Rxd5 44. Be3 Rd3 45. Bc1 Rc3 46. Bb2 Rxc6 0-1

[Event "Christmas op"]
[Site "Toronto CAN"]
[Date "2000.12.26"]
[Round "1"]
[White "Wing, Richard"]
[Black "Cohen, David"]
[Result "1-0"]
[WhiteElo "1913"]
[BlackElo "2015"]
[PlyCount "59"]
[GameId "2160767911627360"]
[EventDate "2000.12.26"]
[EventType "swiss"]
[EventRounds "6"]
[EventCountry "CAN"]

1. e4 e5 2. Nf3 Nc6 3. Bb5 a6 4. Ba4 Nf6 5. O-O b5 6. Bb3 Be7 7. Re1 O-O 8. c3 d5 9. exd5 Nxd5 10. Nxe5 Nxe5 11. Rxe5 c6 12. d4 Bd6 13. Re1 Qh4 14. g3 Qh3 15. Re4 Be6 16. Rh4 Nxc3 17. Nxc3 Bxb3 18. Qxb3 Qf5 19. Ne4 Be7 20. Rf4 Qg6 21. Bd2 Rad8 22. Bb4 Rfe8 23. Re1 Rxd4 24. Nf6+ gxf6 25. Rxd4 Kf8 26. Rxe7 Rxe7 27. Rd8+ Kg7 28. Bxe7 Qe4 29. Bf8+ Kg6 30. Qd3 1-0

[Event "Christmas op"]
[Site "Toronto CAN"]
[Date "2000.12.27"]
[Round "2"]
[White "Allan, Denis"]
[Black "Ehrman, Carl"]
[Result "1/2-1/2"]
[WhiteElo "2386"]
[BlackElo "2152"]
[PlyCount "54"]
[GameId "2160767911627361"]
[EventDate "2000.12.26"]
[EventType "swiss"]
[EventRounds "6"]
[EventCountry "CAN"]
[SourceTitle "EXT 2022"]
[Source "ChessBase"]
[SourceDate "2021.10.06"]
[SourceVersion "1"]
[SourceVersionDate "2021.10.06"]
[SourceQuality "1"]

1. g3 f5 2. Bg2 Nf6 3. d3 e6 4. e4 fxe4 5. dxe4 Nc6 6. Bg5 Be7 7. Nc3 O-O 8. Nf3 d6 9. O-O e5 10. h3 Be6 11. Be3 Kh8 12. b3 Qe8 13. Nd5 Bd8 14. Nd2 Ne7 15. c4 c6 16. Nc3 d5 17. exd5 cxd5 18. Bc5 Qd7 19. Kh2 Rc8 20. Bxe7 Bxe7 21. Nxd5 Nxd5 22. cxd5 Bxd5 23. Nc4 Rcd8 24. Bxd5 Qxd5 25. Qe2 Bc5 26. Rad1 Bd4 27. Nd2 Rc8 1/2-1/2

[Event "Christmas op"]
[Site "Toronto CAN"]
[Date "2000.12.27"]
[Round "2"]
[White "Cohen, David"]
[Black "Catona, Dan"]
[Result "0-1"]
[WhiteElo "2015"]
[BlackElo "1944"]
[PlyCount "96"]
[GameId "2160767911627362"]
[EventDate "2000.12.26"]
[EventType "swiss"]
[EventRounds "6"]
[EventCountry "CAN"]

1. e4 d5 2. exd5 Qxd5 3. Nc3 Qa5 4. Bc4 Nf6 5. Nf3 Bf5 6. d3 e6 7. O-O c6 8. Re1 Bb4 9. Bd2 Bg4 10. Qe2 Qh5 11. Qe3 Bxf3 12. Bxe6 O-O 13. Bxf7+ Qxf7 14. Qxf3 Nbd7 15. Re2 Rae8 16. Ne4 Nxe4 17. Qxf7+ Rxf7 18. dxe4 Bxd2 19. Rxd2 Rxe4 20. f3 Re8 21. Rad1 Nf6 22. c4 Rfe7 23. Kf2 Kf7 24. b4 Re3 25. g4 g5 26. h4 h6 27. hxg5 hxg5 28. b5 c5 29. b6 a6 30. Rh1 Rc3 31. a4 Ree3 32. Rd8 Rxf3+ 33. Ke2 Rfe3+ 34. Kd2 Ne4+ 35. Kd1 Nf2+ 36. Kd2 Nxh1 37. Rd7+ Kf6 38. Rxb7 Rcd3+ 39. Kc2 Rd8 40. Rh7 Nf2 41. a5 Nxg4 42. Ra7 Re2+ 43. Kc3 Ne3 44. Rxa6 Rc2+ 45. Kb3 Rd3+ 46. Ka4 Rb2 47. b7+ Kf5 48. Rc6 Rb4# 0-1

[Event "Christmas op"]
[Site "Toronto CAN"]
[Date "2000.12.27"]
[Round "2"]
[White "Dembowski, Mitchell"]
[Black "Stala, Henryk"]
[Result "0-1"]
[WhiteElo "1478"]
[BlackElo "1570"]
[PlyCount "58"]
[GameId "2160767911627363"]
[EventDate "2000.12.26"]
[EventType "swiss"]
[EventRounds "6"]
[EventCountry "CAN"]
[SourceTitle "EXT 2022"]
[Source "ChessBase"]
[SourceDate "2021.10.06"]
[SourceVersion "1"]
[SourceVersionDate "2021.10.06"]
[SourceQuality "1"]

1. e4 Nc6 2. Nf3 e5 3. Bb5 Qf6 4. O-O Bc5 5. Nc3 Nge7 6. d3 h6 7. Be3 Bb6 8. Qd2 O-O 9. Rfd1 Nd4 10. Bxd4 Bxd4 11. Nxd4 exd4 12. Ne2 c5 13. c3 dxc3 14. bxc3 Ng6 15. d4 d6 16. d5 Nh4 17. f3 Bh3 18. Nf4 Bxg2 19. Nxg2 Nxf3+ 20. Kh1 Nxd2 21. Rxd2 Qxc3 22. Rad1 a6 23. Bf1 f5 24. exf5 Rxf5 25. Kg1 Raf8 26. Be2 Rf2 27. Kh1 Qxd2 28. Kg1 Qxd1+ 29. Ne1 Qxe1+ 0-1

[Event "Christmas op"]
[Site "Toronto CAN"]
[Date "2000.12.27"]
[Round "2"]
[White "Milicevic, Goran"]
[Black "Nahutin, Yevgeni"]
[Result "0-1"]
[WhiteElo "2415"]
[BlackElo "2046"]
[PlyCount "138"]
[GameId "2160767911627365"]
[EventDate "2000.12.26"]
[EventType "swiss"]
[EventRounds "6"]
[EventCountry "CAN"]
[SourceTitle "EXT 2022"]
[Source "ChessBase"]
[SourceDate "2021.10.06"]
[SourceVersion "1"]
[SourceVersionDate "2021.10.06"]
[SourceQuality "1"]

1. e4 e5 2. Nf3 Nc6 3. Bc4 Bc5 4. Qe2 d6 5. c3 Nf6 6. b4 Bb6 7. a4 a5 8. b5 Ne7 9. d3 O-O 10. O-O Ng6 11. Be3 c6 12. Nbd2 d5 13. Bb3 Bxe3 14. Qxe3 cxb5 15. axb5 Be6 16. g3 Rc8 17. Rfc1 Rxc3 18. Rxc3 d4 19. Qe2 dxc3 20. Bxe6 cxd2 21. Bc4 b6 22. Qxd2 Qd6 23. h4 h6 24. Kg2 Rd8 25. Qa2 Rd7 26. Nh2 Nf8 27. Nf1 Ne6 28. Bxe6 Qxe6 29. Qxe6 fxe6 30. Ra3 Rd4 31. Rb3 a4 32. Rc3 Rb4 33. Rc8+ Kh7 34. Ra8 Nd7 35. Ne3 Nc5 36. Nc4 Rxb5 37. Nxe5 Nb3 38. Nc4 Na5 39. e5 Nxc4 40. dxc4 Ra5 41. Rxa5 bxa5 42. c5 a3 43. c6 a2 44. c7 a1=Q 45. c8=Q Qxe5 46. Qc2+ Qf5 47. Qa4 h5 48. f3 Qe5 49. Kh3 Qf5+ 50. Kg2 Qe5 51. Kh3 Qe2 52. Qa3 Qd1 53. g4 hxg4+ 54. Kxg4 Qd4+ 55. Kh3 a4 56. Qa2 Qd5 57. Qxa4 Qxf3+ 58. Kh2 e5 59. Qe8 e4 60. h5 Qg4 61. Kh1 Kh6 62. Qh8+ Kg5 63. Qxg7+ Kxh5 64. Qh8+ Kg5 65. Qe5+ Kh4 66. Qh8+ Kg3 67. Qe5+ Kf2 68. Qh2+ Kf1 69. Qf4+ Qf3+ 0-1

[Event "Christmas op"]
[Site "Toronto CAN"]
[Date "2000.12.27"]
[Round "2"]
[White "Miller, Evgeny"]
[Black "Ochkoos, Jura"]
[Result "0-1"]
[WhiteElo "2048"]
[BlackElo "2360"]
[PlyCount "124"]
[GameId "2160767911627366"]
[EventDate "2000.12.26"]
[EventType "swiss"]
[EventRounds "6"]
[EventCountry "CAN"]
[SourceTitle "EXT 2022"]
[Source "ChessBase"]
[SourceDate "2021.10.06"]
[SourceVersion "1"]
[SourceVersionDate "2021.10.06"]
[SourceQuality "1"]

1. e4 e5 2. Nf3 Nc6 3. Bc4 Nf6 4. d3 Be7 5. O-O O-O 6. Nc3 d6 7. h3 Na5 8. Bb3 Nxb3 9. axb3 c5 10. Qe2 h6 11. Nh2 Be6 12. f4 exf4 13. Bxf4 d5 14. e5 Nh7 15. Ng4 a6 16. Qf3 Kh8 17. Ne2 d4 18. Ng3 Ng5 19. Qe2 Qd7 20. Nf2 Rac8 21. Nfe4 Nxe4 22. Nxe4 Bf5 23. Nd6 Bxd6 24. exd6 Rfe8 25. Qf2 Be6 26. Rfe1 Bd5 27. Qd2 Kh7 28. Rxe8 Rxe8 29. Re1 Re6 30. Rxe6 Qxe6 31. Bg3 Bc6 32. Qe1 Qg6 33. Qf2 f6 34. Qf4 Qh5 35. Kh2 Qe2 36. Qf2 Qe6 37. Qe1 Qd7 38. b4 Qf5 39. bxc5 Qxc5 40. c3 dxc3 41. bxc3 a5 42. c4 a4 43. Qc3 Qe3 44. Qc2 Qd4 45. c5 a3 46. Be1 Qb2 47. Qf2 Kg8 48. h4 Kf7 49. Kh3 Qxf2 50. Bxf2 Ke6 51. Bd4 Kd5 52. Ba1 Bd7+ 53. g4 Kxc5 54. Bc3 h5 55. Kg3 hxg4 56. h5 b5 57. Bxf6 gxf6 58. h6 a2 59. h7 a1=Q 60. h8=Q Qg1+ 61. Kf4 Qf2+ 62. Ke4 Qf3# 0-1

[Event "Christmas op"]
[Site "Toronto CAN"]
[Date "2000.12.27"]
[Round "2"]
[White "Wight, Keith"]
[Black "Golts, Roman"]
[Result "1/2-1/2"]
[WhiteElo "2143"]
[BlackElo "2303"]
[PlyCount "77"]
[GameId "2160767911627367"]
[EventDate "2000.12.26"]
[EventType "swiss"]
[EventRounds "6"]
[EventCountry "CAN"]
[SourceTitle "EXT 2022"]
[Source "ChessBase"]
[SourceDate "2021.10.06"]
[SourceVersion "1"]
[SourceVersionDate "2021.10.06"]
[SourceQuality "1"]

1. e4 e6 2. d4 d5 3. Nc3 Nf6 4. e5 Nfd7 5. f4 c5 6. Nf3 Nc6 7. Be3 a6 8. Qd2 b5 9. h4 Qb6 10. h5 cxd4 11. Nxd4 Bc5 12. Nce2 b4 13. Rh3 Ne7 14. Nc1 a5 15. Ncb3 Ba6 16. Nxc5 Nxc5 17. Bxa6 Qxa6 18. Qd1 Ne4 19. Qg4 Rg8 20. f5 exf5 21. Nxf5 Nxf5 22. Qxf5 Qe6 23. Qf1 Qxe5 24. Qb5+ Ke7 25. Qb7+ Ke6 26. Rf3 Nd6 27. Qb6 Rgb8 28. Qd4 Qxd4 29. Bxd4 Nf5 30. O-O-O Nxd4 31. Rxd4 Rb5 32. Rdf4 f6 33. h6 Rg8 34. hxg7 Rxg7 35. Rxf6+ Ke5 36. R6f5+ Ke6 37. Rf6+ Ke5 38. R6f5+ Ke6 39. Rf6+ 1/2-1/2

[Event "Christmas op"]
[Site "Toronto CAN"]
[Date "2000.12.28"]
[Round "3"]
[White "Hacatoglu, Kevork"]
[Black "Bluvshtein, Mark"]
[Result "1-0"]
[WhiteElo "2219"]
[BlackElo "2268"]
[PlyCount "79"]
[GameId "2160767911627368"]
[EventDate "2000.12.26"]
[EventType "swiss"]
[EventRounds "6"]
[EventCountry "CAN"]
[SourceTitle "EXT 2022"]
[Source "ChessBase"]
[SourceDate "2021.10.06"]
[SourceVersion "1"]
[SourceVersionDate "2021.10.06"]
[SourceQuality "1"]

1. e4 g6 2. d4 Bg7 3. Nc3 d6 4. f4 Bd7 5. e5 dxe5 6. dxe5 Nh6 7. h3 O-O 8. Nf3 a6 9. g4 e6 10. Be3 Kh8 11. Qd2 Ng8 12. O-O-O Qe7 13. Ne4 b6 14. Bg2 Rd8 15. g5 Nc6 16. Qe1 Bc8 17. h4 Bb7 18. h5 Nxe5 19. Nxe5 Bxe5 20. fxe5 Rd5 21. Nd2 Ra5 22. Bxb7 Rb8 23. Bc6 Rxa2 24. Kb1 Ra5 25. Nb3 Rb5 26. Bxb5 axb5 27. Qd2 Ra8 28. Qd7 c5 29. Qxe7 Nxe7 30. hxg6 fxg6 31. Rd7 Re8 32. Nxc5 bxc5 33. Bxc5 Nf5 34. Rdxh7+ Kg8 35. Rh8+ Kf7 36. R1h7+ Ng7 37. Rxg7+ Kxg7 38. Rxe8 Kf7 39. Rf8+ Kg7 40. Rf6 1-0

[Event "Christmas op"]
[Site "Toronto CAN"]
[Date "2000.12.28"]
[Round "3"]
[White "Pleau, Derek"]
[Black "Cohen, David"]
[Result "1/2-1/2"]
[WhiteElo "1984"]
[BlackElo "2015"]
[PlyCount "37"]
[GameId "2160767911627369"]
[EventDate "2000.12.26"]
[EventType "swiss"]
[EventRounds "6"]
[EventCountry "CAN"]

1. e4 e5 2. Nf3 Nc6 3. Bb5 a6 4. Ba4 Nf6 5. O-O b5 6. Bb3 Be7 7. Re1 O-O 8. c3 d5 9. exd5 Nxd5 10. Nxe5 Nxe5 11. Rxe5 c6 12. d4 Bd6 13. Re1 Qh4 14. g3 Qh3 15. Qf3 Bg4 16. Qg2 Qh5 17. Bxd5 cxd5 18. Re3 Bh3 19. Qf3 1/2-1/2

[Event "Christmas op"]
[Site "Toronto CAN"]
[Date "2000.12.28"]
[Round "3"]
[White "Rodina, Nataliya"]
[Black "Dutton, Warren"]
[Result "0-1"]
[WhiteElo "1963"]
[BlackElo "2077"]
[PlyCount "74"]
[GameId "2160767911627370"]
[EventDate "2000.12.26"]
[EventType "swiss"]
[EventRounds "6"]
[EventCountry "CAN"]
[SourceTitle "EXT 2022"]
[Source "ChessBase"]
[SourceDate "2021.10.06"]
[SourceVersion "1"]
[SourceVersionDate "2021.10.06"]
[SourceQuality "1"]

1. e4 e5 2. Nf3 Nc6 3. Bc4 Nf6 4. d3 h6 5. O-O Bc5 6. Nc3 a6 7. a4 O-O 8. h3 Re8 9. Re1 Bf8 10. d4 exd4 11. Nxd4 Ne5 12. Bb3 c5 13. Nf3 c4 14. Nxe5 cxb3 15. Nf3 bxc2 16. Qxc2 b6 17. e5 Nh7 18. Qe4 Ra7 19. Bf4 Bb7 20. Qd3 Qa8 21. Red1 Bc5 22. Nd5 Bc6 23. Nc3 Nf8 24. Re1 Ne6 25. Bg3 Bb4 26. Re3 Nc5 27. Qc4 a5 28. Ne1 Re6 29. Nf3 Rg6 30. Nh4 Re6 31. Nf3 d5 32. Qe2 Nb3 33. Rd1 d4 34. Nxd4 Nxd4 35. Rxd4 Bc5 36. Qd3 Bxd4 37. Qxd4 Rd7 0-1

[Event "Christmas op"]
[Site "Toronto CAN"]
[Date "2000.12.29"]
[Round "4"]
[White "Bluvshtein, Mark"]
[Black "Yee, Lorne"]
[Result "1/2-1/2"]
[WhiteElo "2268"]
[BlackElo "2214"]
[PlyCount "72"]
[GameId "2160767911627371"]
[EventDate "2000.12.26"]
[EventType "swiss"]
[EventRounds "6"]
[EventCountry "CAN"]
[SourceTitle "EXT 2022"]
[Source "ChessBase"]
[SourceDate "2021.10.06"]
[SourceVersion "1"]
[SourceVersionDate "2021.10.06"]
[SourceQuality "1"]

1. e4 c6 2. d4 d5 3. Nd2 dxe4 4. Nxe4 Bf5 5. Ng3 Bg6 6. Nf3 Nd7 7. h4 h6 8. h5 Bh7 9. Bd3 Bxd3 10. Qxd3 Qc7 11. Bd2 e6 12. O-O-O Ngf6 13. c4 Be7 14. Bc3 O-O 15. Ne5 Rfd8 16. Qe2 Nxe5 17. dxe5 Nd7 18. f4 Nc5 19. Ne4 Nxe4 20. Qxe4 Rxd1+ 21. Rxd1 Rd8 22. Rxd8+ Qxd8 23. Qd4 Qxd4 24. Bxd4 a6 25. Kc2 g6 26. g4 Kf8 27. Kd3 Ke8 28. Ke4 gxh5 29. gxh5 b5 30. cxb5 cxb5 31. Be3 Kd7 32. f5 Bf8 33. Bf2 Be7 34. Be3 Bf8 35. Ba7 Bb4 36. Be3 Bf8 1/2-1/2

[Event "Christmas op"]
[Site "Toronto CAN"]
[Date "2000.12.29"]
[Round "4"]
[White "Buzdon, Paul"]
[Black "Stamoudis, Chrysafis"]
[Result "0-1"]
[WhiteElo "1603"]
[BlackElo "1580"]
[PlyCount "64"]
[GameId "2160767911627372"]
[EventDate "2000.12.26"]
[EventType "swiss"]
[EventRounds "6"]
[EventCountry "CAN"]
[SourceTitle "EXT 2022"]
[Source "ChessBase"]
[SourceDate "2021.10.06"]
[SourceVersion "1"]
[SourceVersionDate "2021.10.06"]
[SourceQuality "1"]

1. d4 f5 2. c4 Nf6 3. Nc3 g6 4. Nf3 Bg7 5. g3 O-O 6. Bg2 d6 7. O-O c6 8. Qd3 Qe8 9. e3 e5 10. dxe5 dxe5 11. e4 Na6 12. Nd2 f4 13. Nf3 Nc5 14. Qe2 Bd7 15. gxf4 exf4 16. e5 Ng4 17. b4 Na6 18. b5 Nc5 19. Ba3 b6 20. Rfe1 cxb5 21. Bxc5 bxc5 22. Nxb5 Bxb5 23. cxb5 Rb8 24. h3 Nh6 25. Qc4+ Kh8 26. Qxc5 Rxb5 27. Qxa7 Bxe5 28. Rxe5 Rxe5 29. Nxe5 Qxe5 30. Rc1 f3 31. Bxf3 Qg5+ 32. Bg2 Qxc1+ 0-1